Geography Quiz

Random Geography or Asia Quiz

Flag Selection: Asia Quiz Stats

 Plays Quiz Updated Jan 5, 2019

Score 0/18 Timer 03:00
4 Plays Today
% Correct
China
92%
Lebanon
83.3%
Cambodia
81.3%
Israel
81.1%
Bangladesh
79.5%
Kyrgyzstan
78.9%
Bhutan
78.2%
Kuwait
75.9%
Taiwan
74.7%
% Correct
North
Korea
74.4%
Uzbekistan
72.5%
Thailand
71.1%
Georgia
69.5%
Afghanistan
67.8%
Maldives
65.7%
Oman
64.7%
Yemen
63.3%
Armenia
43.6%

You're not logged in!

Compare scores with friends on all Sporcle quizzes.
OR
Log In

Show Comments

Extras

Top Quizzes Today


Score Distribution

Your Account Isn't Verified!

In order to create a playlist on Sporcle, you need to verify the email address you used during registration. Go to your Sporcle Settings to finish the process.

Report this User

Report this user for behavior that violates our Community Guidelines.

Details: